000 00445nam a2200193Ia 4500
008 170705s9999 xx 000 0 und d
020 _a9780439204194
245 _aTwister trouble /
245 _cAnne Schreiber.
260 _aNew York :
260 _bScholastic,
260 _c2000
300 _a76 pages :
300 _bcolor illustration ;
300 _c19cm.
440 _aThe magic school bus ;
440 _v5
500 _a520
999 _c335922
_d335922